| 000 | 00815nam a2200169 i 4500 | ||
|---|---|---|---|
| 001 | 152441 | ||
| 003 | ES-MaACL | ||
| 005 | 20230906204739.0 | ||
| 008 | 931025s1876 sp |||| | spa d | ||
| 040 |
_aPAB _bspa _cPAB |
||
| 100 | 1 |
_aBosch y Labrús, Pedro. _930670 |
|
| 245 | 1 | 0 |
_aDiscurso contra el art. 6º del dictámen de la Comision de presupuestos referente al de ingresos para el año económico de 1876-77 _b: pronunciado por D. Pedro Bosch y Labrús en la sesion celebrada en el Congreso de los Diputados del dia 4 de Julio de 1876. |
| 260 |
_aBarcelona : _b[s.n.], _c1876 ( _fEstablecimiento Tipográfico de L. Domenech) |
||
| 300 |
_a19 p. ; _c28 cm. |
||
| 596 | 1 | _aLa fecha consta en colofón. | |
| 852 |
_aES-MaACL _jT-204-F-22 _z-- Enc. hol., falto de la enc. original _z-- Enc. en un vol. facticio |
||
| 999 |
_c152441 _d152441 |
||